000 00875nam0a22002771 4500
001 RU\INFOCOMM_327\NLR\5000014476
005 20250614080040.0
035 _a(NLR Aleph) 010591613
090 _a10504659
_c10504659
100 _a20121213d1985 |||y0rusy50 ca
101 1 _aspa
_crus
102 _aRU
105 _ay z||||
200 1 _aTrabajos de carpintería
_fL. Kreyndlin
_g[Trad. del ruso por G. Lozhkin]
210 _aM.
_cMir
_d1985
215 _a216 с.
_cил.
_d21 см
300 _aВ вып. дан.: Столярные работы / Лев Наумович Крейндлин
620 _aМосква
686 _aН635.3
_2rubbk
700 1 _9z01790
_aKrejndlin
_bL. N.
_gLev Naumovič
790 1 _9z01700
_aKreyndlin
_bL.
_4070
801 1 _aRU
_bNLR
_c20121213
801 0 _aRU
_bINFOCOMM
_gPSBO
852 _aNLR
_jТ81 Д-3/132
942 _cBOOK
980 _aNB